000 00524nam a2200169 i 4500
001 36854
003 ES-MaACL
005 20230906155445.0
007 t|
008 030219s1971 sp ||||1| spa d
100 1 _aBouwman, Gijsbertus.
_931092
245 1 3 _aEl seguimiento en la Biblia /
_cGijsbertus Bouwman ; [versión por Jesús Pérez Alija].
260 _aEstella (Navarra) :
_bVerbo Divino,
_c[1971]
300 _a107 p. ;
_c18 cm.
700 1 _aPérez Alija, Jesús.
_990630
852 _aES-MaACL
_jC-49171
_bR.77335
999 _c36854
_d36854